Statistics for Wrestling sayings (HARD)

Click here to take the quiz!

General Stats

  • This quiz has been taken 37 times
  • The average score is 9 of 22

Answer Stats

SayingWrestler% Correct
"SUCKA!"Booker T
97%
"What?"Steve Austin
91%
"... with a broken freaking neck!"Kurt Angle
88%
"For those with the benefit of flash photography..."Edge
79%
"Who in the blue hell are you?"The Rock
71%
"Listen up, slapnuts!"Jeff Jarrett
65%
"Hey, yo!"Scott Hall
65%
"OH MY GOD!"Joey Styles
62%
"Stand back..."The Hurricane
50%
"Owwwwhhhh, have mercy!"Dude Love
41%
"You bloody toe-rag!"William Regal
38%
"GORE! GORE! GORE!"Paul Heyman
29%
"If I can be serious for a minute..."Lance Storm
26%
"The living legend himself..."Chris Jericho
24%
"Somebody call my momma!"Ernest Miller
18%
"WOOF WOOF!"Rick Steiner
18%
"That's not a bad thing, it's a good thing."Diamond Dallas Page
15%
"SHUT UP!"Vince McMahon
15%
"How do you like me now?"Hardcore Holly
12%
"HIT IT!"Velveteen Dream
9%
"Pure and wholesome..."Molly Holly
6%
"When? Where? Totally not!"William Carter
3%

Score Distribution

Percentile by Number Answered

Percent of People with Each Score

Your Score History

You have not taken this quiz